LEADER 01249cam0-22003371i-450- 001 990001663820403321 005 20160302145020.0 035 $a000166382 035 $aFED01000166382 035 $a(Aleph)000166382FED01 035 $a000166382 100 $a20030910d1776----km-y0itay50------ba 101 0 $aita 105 $ay-------001yy 200 1 $a<>coltivazione italiana, o sia Dizionario d'agricoltura, nel quale si contiene la coltura, e conservazione de' diversi prodotti riguardanti le terre seminative, i prati, i boschi, le vigne, ed i giardini. Come pure, il governo de' bestiami, de' colombi, de polli, dell'api, de bachi da seta ... Raccolto dalle piu sicure osservazioni da Ignazio Ronconi fiorentino ... Tomo 1. [-2.] 205 $aEdizione seconda 210 $aIn Venezia$cper Francesco Sansoni$d1776 215 $a2 v.$d8° 610 0 $aAgricoltura$aDizionari 610 0 $aLibri rari$a1700 620 $aItalia.$dVenezia 676 $a094.2$zita 676 $a630.3 700 1$aRonconi,$bIgnazio$071850 719 00$aSansoni,$bFrancesco$4650 801 0$aIT$bUNINA$gRICA$2UNIMARC 901 $aAQ 912 $a990001663820403321 952 $a60 094.2 C 60$b3458/59$fFAGBC 959 $aFAGBC 997 $aUNINA LEADER 00966cam0-22003731i-450 001 990005982780403321 005 20220708150317.0 035 $a000598278 035 $aFED01000598278 035 $a(Aleph)000598278FED01 035 $a000598278 100 $a19980601d1901----km-y0itay50------ba 101 0 $aita 102 $aIT 105 $ay-------001yy 200 1 $aTeoria del titolo esecutivo$fMichele De Palo 210 $aNapoli$cDekten & Rocholl$d1901 215 $aXI, 309 p.$d24 cm 676 $a346.02 676 $a347 700 1$aDe Palo,$bMichele$0404435 801 0$aIT$bUNINA$gRICA$2UNIMARC 901 $aBK 912 $a990005982780403321 952 $a16-L-II-9$b583$fDDCP 952 $aDPR 32-69$b02712$fDEC 952 $aIX D 10$b173$fFGBC 952 $aLEGATO FIORE IX 37$b8301$fFGBC 959 $aDDCP 959 $aDEC 959 $aFGBC 996 $aTeoria del titolo esecutivo$9583422 997 $aUNINA DB $aGIU01 LEADER 01074nam0 22002771i 450 001 UON00105981 005 20231205102615.103 100 $a20020107d1974 |0itac50 ba 101 $aita 102 $aIT 105 $a|||| 1|||| 200 1 $aAppunti di storia linguistica maltese$fGiovanni Mangion 210 $aPisa$cPacini$d1974 215 $aP. [389]-415$d25 cm 300 $aEstr. da: Dal dialetto alla lingua: Atti del IX Convegno per gli Studi Dialettali Italiani. 606 $aLinguistica$3UONC002524$2FI 620 $aIT$dPisa$3UONL000055 686 $aMLT I$cOPERE INTERDISCIPLINARI - GUIDE$2A 700 1$aMANGION$bGiovanni$3UONV067604$0323587 712 $aPacini$3UONV257974$4650 801 $aIT$bSOL$c20250523$gRICA 899 $aSIBA - SISTEMA BIBLIOTECARIO DI ATENEO$2UONSI 912 $aUON00105981 950 $aSIBA - SISTEMA BIBLIOTECARIO DI ATENEO$dSI MLT I 009 (Misc. c) $eSI SA 39852 5 009 (Misc. c) 996 $aAppunti di storia linguistica maltese$91306128 997 $aUNIOR